000 02876 a2200457 4500
001 23931165
003 0000
005 20260402122236.0
008 241122t20242025flu b 001 0 eng
010 _a 2024035316
020 _a9781032347165
020 _a9781032347172
020 _z9781003323488
035 _a23931165
040 _aDLC
_beng
_erda
_cDLC
042 _apcc
050 0 0 _aGB 458.8
_b.P37 2024
082 0 0 _a551.3/070285
_223/eng/20241123
100 1 _aPardeshi, Sudhakar Dhondu,
_eauthor.
245 1 4 _aThe role of geospatial technologies in landslide hazard assessment /
_cSudhakar Dhondu Pardeshi, Sumant Eknath Autade, Suchitra Sudhakar Pardeshi.
250 _aFirst edition.
263 _a2412
264 1 _aBoca Raton :
_bCRC Press,
_c2024.
264 4 _a♭ 2025
300 _axxii, 282p.:
_bill.:
336 _atext
_btxt
_2rdacontent
337 _aunmediated
_bn
_2rdamedia
338 _avolume
_bnc
_2rdacarrier
500 _aIncludes bibliographical references and index.
504 _aIncludes bibliographical references and index.
520 _a"This book is designed to provide detailed methodological framework for landslide hazard assessment. The focus is on various dimensions of landslide hazard assessment including terminologies used in landslide hazard analysis, landslide inventory systems used globally and their relevance in generating complete and reliable landslide database for further analysis supported by global case studies. It includes overview of methodological developments in landslide hazard assessment and role of geospatial technologies in landslide studies. The book helps understand the technical details of geospatial techniques applied in hazard management and deals with the practicalities of how to recognize and classify unstable terrain. It covers recent advances in landslide estimation, particularly the automated means of landslide susceptibility estimation and explores methodological frameworks of landslide hazard assessment. It also illustrates case studies from USA, Europe and Asia including demonstration of different methodologies of landslide susceptibility zonation. This book is aimed at researchers, graduate students, and libraries in geotechnical and environmental engineering"--
_cProvided by publisher.
650 0 _aLandslide hazard analysis.
650 0 _aGeographic information systems.
650 0 _aRemote sensing.
700 1 _aAutade, Sumant Eknath,
_eauthor.
700 1 _aPardeshi, Suchitra Sudhakar,
_eauthor.
776 0 8 _iOnline version:
_aPardeshi, Sudhakar Dhondu.
_tRole of geospatial technologies in landslide hazard assessment
_bFirst edition.
_dBoca Raton : CRC Press, 2024
_z9781003323488
_w(DLC) 2024035317
906 _a7
_bcbc
_corignew
_d1
_eecip
_f20
_gy-gencatlg
942 _2lcc
_cBK
999 _c44250
_d44250